[Event "Miercurea Ciuc Bancpost op 19th"]
[Site "Miercurea Ciuc"]
[Date "2016.08.16"]
[Round "3"]
[White "Negureanu, Andrei Valentin"]
[Black "Csavlovics, Jozsef"]
[Result "0-1"]
[WhiteElo "1420"]
[BlackElo "1508"]
[PlyCount "76"]
[EventDate "2016.08.14"]
[EventType "swiss"]
[EventRounds "7"]
[EventCountry "ROU"]
[SourceTitle "EXT 2020"]
[Source "ChessBase"]
[SourceDate "2019.10.17"]
[SourceVersion "1"]
[SourceVersionDate "2019.10.17"]
[SourceQuality "1"]

1. d4 Nf6 2. Nf3 g6 3. e3 Bg7 4. Bd3 d5 5. Nbd2 0-0 6. b3 b6 7. Bb2 Nbd7 8. 0-0 c5 9. Ne5 Nxe5 10. dxe5 Ng4 11. Nf3 Qc7 12. Qe2 Nxe5 13. Nxe5 Bxe5 14. Bxe5 Qxe5 15. f4 Qc3 16. g4 e6 17. Rab1 f5 18. g5 Bb7 19. h4 e5 20. Kf2 e4 21. Bb5 a6 22. Bd7 Rad8 23. Be6+ Kg7 24. h5 Rfe8 25. hxg6 hxg6 26. Bxf5 gxf5 27. Rh1 Rh8 28. Rh6 Rxh6 29. gxh6+ Kh7 30. Rh1 d4 31. Qh5 Qxe3+ 32. Kf1 Qxf4+ 33. Ke1 Qg3+ 34. Kd2 Qe3+ 35. Kd1 Qf3+ 36. Qxf3 exf3 37. Rh5 Be4 38. Kd2 Rg8 0-1